[Event "EU-ch Online U2300 Qual"]
[Site "Chess.com INT"]
[Date "2020.05.25"]
[Round "2"]
[White "Eigminas, Kipras"]
[Black "Baghirov, Javanshir Shamil Og"]
[Result "0-1"]
[WhiteElo "2116"]
[BlackElo "1969"]
[PlyCount "117"]
[EventDate "2020.05.25"]
[EventType "swiss"]
[EventRounds "8"]
[EventCountry "NET"]
[SourceTitle "EXT 2021"]
[Source "ChessBase"]
[SourceDate "2020.10.23"]
[SourceVersion "1"]
[SourceVersionDate "2020.10.23"]
[SourceQuality "1"]

1. e4 c5 2. Nf3 a6 3. c3 d5 4. exd5 Qxd5 5. d4 Nc6 6. dxc5 Qxd1+ 7. Kxd1 e5 8. Be3 Nf6 9. Bc4 Ng4 10. Re1 Nxe3+ 11. Rxe3 Bxc5 12. Re2 Bg4 13. Nbd2 0-0-0 14. Ke1 f6 15. b4 Bb6 16. a4 a5 17. h3 Bh5 18. b5 Ne7 19. Rc1 Rhe8 20. g4 Bg6 21. Nh4 Bd3 22. Bxd3 Rxd3 23. Nc4 Bc5 24. Nxa5 Rxh3 25. Ng2 Rh2 26. Ne3 Ng6 27. Nb3 Ba7 28. Nd5 Rd8 29. c4 Nf4 30. Rec2 Nd3+ 31. Kd2 Nxc1 32. Kxc1 Rxf2 33. b6 Rxc2+ 34. Kxc2 Bb8 35. Kd3 Rh8 36. Ke4 h5 37. gxh5 Rxh5 38. Nc5 Bd6 39. Ne6 Rh4+ 40. Kd3 Rh7 41. c5 Rh3+ 42. Kc4 Bb8 43. Nxg7 Rf3 44. a5 f5 45. a6 bxa6 46. c6 Bd6 47. Ne8 Ba3 48. b7+ Kb8 49. Nb6 Rf4+ 50. Kd5 Rd4+ 51. Kxe5 Re4+ 52. Kxf5 Rxe8 53. Nd7+ Kc7 54. b8Q+ Rxb8 55. Nxb8 Kxb8 56. Ke6 Kc7 57. Kd5 Bd6 58. Kc4 Kxc6 59. Kb3 0-1